The Children in Harry Potter: Nineteen Years Later Quiz Stats

 Plays Quiz not verified by Sporcle

Score 0/8 Timer 01:00
0 Plays Today
Parents Answer % Correct
Harry and GinnyAlbus
100%
Harry and GinnyJames
97.5%
Harry and GinnyLily
96.7%
Malfoy and AstoriaScorpius
92.5%
Ron and HermioneRose
91.7%
Ron and HermioneHugo
91.7%
Lupin and TonksTeddy
86.7%
Bill and FleurVictoire
80.8%

You're not logged in!

Compare scores with friends on all Sporcle quizzes.
OR
Log In

Show Comments

Extras

Top Quizzes Today


Score Distribution

Your Account Isn't Verified!

In order to create a playlist on Sporcle, you need to verify the email address you used during registration. Go to your Sporcle Settings to finish the process.

Report this User

Report this user for behavior that violates our Community Guidelines.

Details: